Countries Slayer has Visited - Statistics

General Stats
  • This quiz has been taken 11 times
  • The average score is 41 of 46
Answer Stats
Continent Country % Correct
South America Argentina
100%
Oceania Australia
100%
Europe Belgium
100%
South America Brazil
100%
North America Canada
100%
South America Chile
100%
Europe Czech Republic
100%
Europe Denmark
100%
Europe Finland
100%
Europe Germany
100%
Europe Hungary
100%
Europe Italy
100%
Asia Japan
100%
North America Mexico
100%
Europe Netherlands
100%
Oceania New Zealand
100%
Europe Norway
100%
Europe Poland
100%
Europe Portugal
100%
Asia/ Europe Russia
100%
Europe Spain
100%
Europe Sweden
100%
South America Colombia
88%
North America Costa Rica
88%
Europe Croatia
88%
South America Ecuador
88%
North America El Salvador
88%
Europe Estonia
88%
South America Paraguay
88%
South America Peru
88%
Europe Serbia
88%
Asia South Korea
88%
Asia/ Europe Turkey
88%
Europe United Kingdom
88%
North America United States of America
88%
Europe Bulgaria
75%
Europe Iceland
75%
Asia India
75%
Europe Ireland
75%
Asia Philippines
75%
Europe Romania
75%
Europe Slovenia
75%
Europe Ukraine
75%
South America Venezuela
75%
Europe Luxembourg
63%
Asia Singapore
38%
No matching quizzes found
Score Distribution
Percent of People with Each Score
Percentile by Number Answered
Your Score History
You have not taken this quiz